PKM Jaworzno - Trasa linii E - Statystyki

Ogólne statystyki
  • Ten quiz został rozwiązany 58 razy
  • Średni wynik to 19 z 26
Statystyki odpowiedzi
Przystanek % Poprawnych
Centrum
98%
Osiedle Stałe
93%
Krakowska Pętla
88%
Leopold
88%
Urząd Skarbowy
88%
Pechnik
86%
Pechnik Cmentarz
86%
Rogatka
86%
Byczyna
84%
Osiedle Stałe Kalinowa
84%
Dąbrowa Narodowa Kościół
79%
Łubowiec
79%
Urząd Miejski
79%
Katowice Aleja Korfantego
74%
Byczyna Astrów
72%
Katowice Strefa Kultury
70%
Mysłowice Kościół
70%
Sosnowiec Jęzor Centrum Handlowe
65%
Sosnowiec Niwka Kościół
65%
Dąbrowa Narodowa Dąbrowska
63%
Mysłowice Bończyka
60%
Stadion Miejski
58%
Bory Czysta
53%
Mysłowice Katowicka
44%
Bory Podgórska
40%
Byczyna Gwardzistów
37%
Nie znaleziono quizów pasujących do podanych kryteriów
Rozkład punktacji
Procent ludzi z każdym wynikiem
Percentyl według liczby udzielonych odpowiedzi
Twoja historia wyników
Nie rozwiązałeś tego quizu